[Event "28. Schweinfurt Open"]
[Site "Schweinfurt"]
[Date "2018.05.31"]
[Round "2.2"]
[White "Bussard, Christian"]
[Black "Roth, Jakob"]
[Result "1-0"]
[WhiteElo "2255"]
[BlackElo "1898"]
[PlyCount "127"]
[EventDate "2018.06.??"]
[EventType "swiss"]
[EventRounds "7"]
[EventCountry "GER"]
[WhiteTeam "SG Niederkassel"]
[BlackTeam "Spvgg 1946 Stetten"]

1. d4 d5 2. Bf4 Nf6 3. e3 Bf5 4. Bd3 Bg6 5. Nf3 e6 6. Ne5 Bd6 7. Nd2 Bxe5 8.
Bxe5 Bxd3 9. cxd3 Nc6 10. Bg3 Qd7 11. O-O Ne7 12. Nf3 Ng6 13. Qb3 c6 14. Qa3
Nh5 15. Bd6 O-O-O 16. Bc5 b6 17. Bb4 Kb7 18. Rfc1 Nf6 19. Rc2 Ne8 20. Rac1 Rc8
21. b3 f6 22. Qb2 Nd6 23. a4 Rhe8 24. a5 Nb5 25. Qa2 e5 26. Ra1 Ra8 27. a6+ Kc7
28. Rac1 Re6 29. dxe5 Nxe5 30. Nxe5 fxe5 31. Qa4 Kd8 32. Be1 d4 33. e4 Rg6 34.
f3 Rh6 35. Bg3 Re6 36. Qb4 c5 37. Qa4 Nc7 38. Qc4 Qb5 39. Ra2 Qxc4 40. bxc4 g5
41. h4 h6 42. hxg5 hxg5 43. Kf2 Kd7 44. Rh1 Kd6 45. Rh7 Rg8 46. Ra1 Rgg6 47.
Ke2 b5 48. cxb5 Nxb5 49. Kd2 Re7 50. Rxe7 Kxe7 51. Bxe5 Rb6 52. Kc2 Kd7 53. Bg3
Nc3 54. Be1 Nb5 55. Bd2 Rg6 56. Kb3 Kc6 57. Ra5 Rg8 58. g3 g4 59. f4 Rh8 60. f5
Rh3 61. Bf4 Rh1 62. f6 Rb1+ 63. Kc2 Nc3 64. f7 1-0

[Event "28. Schweinfurt Open"]
[Site "Schweinfurt"]
[Date "2018.05.31"]
[Round "2.3"]
[White "Orf, Niklas"]
[Black "Schmid, Michael"]
[Result "0-1"]
[WhiteElo "1893"]
[BlackElo "2191"]
[PlyCount "62"]
[EventDate "2018.06.??"]
[EventType "swiss"]
[EventRounds "7"]
[EventCountry "GER"]
[WhiteTeam "SK 1933 Bad Neustadt"]
[BlackTeam "SC Bad Königshofen 1957"]

1. c4 c6 2. Nc3 d5 3. e3 Nf6 4. d3 Bf5 5. Qb3 b6 6. g3 e6 7. Nf3 Nbd7 8. Nd4
Nc5 9. Qd1 dxc4 10. dxc4 Be4 11. f3 Bg6 12. Nxc6 Qc7 13. Nd4 Rd8 14. Bd2 e5 15.
Nb3 Nd3+ 16. Bxd3 Bxd3 17. Nc1 Bxc4 18. Qa4+ Rd7 19. N1e2 b5 20. Qc2 Bxe2 21.
Kxe2 b4 22. Rac1 bxc3 23. Bxc3 Be7 24. Qf5 Qc4+ 25. Kf2 O-O 26. Qxe5 Rfd8 27.
Qa5 Qe6 28. Bd4 h5 29. Qa4 Qf5 30. Kg2 h4 31. Bc3 Rd2+ 0-1

[Event "28. Schweinfurt Open"]
[Site "Schweinfurt"]
[Date "2018.05.31"]
[Round "2.4"]
[White "Seidens, Udo"]
[Black "Kwossek, Martin"]
[Result "1-0"]
[WhiteElo "2169"]
[BlackElo "1875"]
[PlyCount "97"]
[EventDate "2018.06.??"]
[EventType "swiss"]
[EventRounds "7"]
[EventCountry "GER"]
[WhiteTeam "SK Schweinfurt 2000"]
[BlackTeam "SC Kitzingen von 1905"]

1. Nf3 d5 2. d4 Nf6 3. c4 c6 4. Nc3 Bf5 5. Qb3 Qb6 6. Qxb6 axb6 7. cxd5 cxd5 8.
e3 e6 9. Bb5+ Nc6 10. Ne5 Rc8 11. Bd2 Be7 12. Na4 Bd8 13. Rc1 O-O 14. O-O Ne4
15. Bb4 Nxb4 16. Rxc8 Nd6 17. Ra8 Nxb5 18. Nd7 Re8 19. Naxb6 f6 20. Rc1 Nc6 21.
Nc8 Nc7 22. Nd6 Nxa8 23. Nxe8 e5 24. Nc5 b6 25. Nb7 Bd7 26. Nxd8 Nxd8 27. Nc7
Nxc7 28. Rxc7 Be6 29. a4 Kf8 30. b4 Bf5 31. a5 bxa5 32. bxa5 Bd3 33. Rd7 Nc6
34. Rxd5 exd4 35. exd4 Ke7 36. Rc5 Kd6 37. Rc3 Bb5 38. Ra3 Ba6 39. Rb3 Bc4 40.
Ra3 Nxd4 41. a6 Nb5 42. a7 Bd5 43. a8=Q Bxa8 44. Rxa8 Nd4 45. Rd8+ Ke5 46. f4+
Ke4 47. Rd7 Ne6 48. Re7 Kd5 49. f5 1-0

[Event "28. Schweinfurt Open"]
[Site "Schweinfurt"]
[Date "2018.05.31"]
[Round "2.5"]
[White "Heiduk, Christoph"]
[Black "Hofstetter, Hans-Joachim"]
[Result "0-1"]
[WhiteElo "1835"]
[BlackElo "2161"]
[PlyCount "124"]
[EventDate "2018.06.??"]
[EventType "swiss"]
[EventRounds "7"]
[EventCountry "GER"]
[WhiteTeam "SC Bayerwald Regen/Zwiesel e.V."]
[BlackTeam "SK 1933 Bad Neustadt"]

1. d4 Nf6 2. c4 e6 3. Nc3 Bb4 4. f3 d5 5. a3 Be7 6. e4 dxe4 7. fxe4 e5 8. Nf3
exd4 9. Qxd4 O-O 10. Be3 Nbd7 11. O-O-O Ng4 12. Bg1 Bf6 13. Qd2 c6 14. h3 Nge5
15. Be2 Qa5 16. Kb1 Nxf3 17. gxf3 Bxc3 18. Qxc3 Qxc3 19. bxc3 Re8 20. c5 Ne5
21. Bd4 Ng6 22. Rdg1 f6 23. h4 Kf7 24. h5 Nf8 25. Rg2 Be6 26. Rhg1 g6 27. hxg6+
hxg6 28. f4 Bh3 29. Rxg6 Nxg6 30. Bh5 Rh8 31. Bxg6+ Ke7 32. f5 Rag8 33. Re1 Bg2
34. e5 fxe5 35. Rxe5+ Kd7 36. Re2 Rh1+ 37. Kb2 Bf3 38. Rd2 Bd5 39. Bf2 Kc8 40.
Rd4 Rh2 41. Rf4 Rf8 42. f6 Bf7 43. Bf5+ Kc7 44. Kc2 Bd5 45. Kd3 Rxf6 46. Bg3
Rg2 47. Bh4 Rf7 48. Ke3 b6 49. cxb6+ axb6 50. Bf2 Rg5 51. c4 Rgxf5 52. cxd5
Rxf4 53. Bg3 cxd5 54. Bxf4+ Kc6 55. Be5 Ra7 56. Bb2 Ra4 57. Kd3 Rh4 58. Kc3 Kb5
59. Kd3 Ka4 60. Bc1 Rc4 61. Bb2 Kb3 62. Bd4 b5 0-1

[Event "28. Schweinfurt Open"]
[Site "Schweinfurt"]
[Date "2018.05.31"]
[Round "2.6"]
[White "Milovanovic, Milos"]
[Black "Kuhn, Norbert"]
[Result "1/2-1/2"]
[WhiteElo "1829"]
[BlackElo "2076"]
[PlyCount "39"]
[EventDate "2018.06.??"]
[EventType "swiss"]
[EventRounds "7"]
[EventCountry "GER"]
[WhiteTeam "SF Gottmadingen"]
[BlackTeam "SV Würzburg von 1865"]

1. e4 e6 2. d4 d5 3. Nc3 Bb4 4. e5 c5 5. a3 Bxc3+ 6. bxc3 Qc7 7. Qg4 f6 8. Bb5+
Nc6 9. Nf3 f5 10. Qg3 h6 11. Qg6+ Qf7 12. Bxc6+ bxc6 13. Qxf7+ Kxf7 14. dxc5
Ba6 15. Nd4 Ne7 16. h4 Rab8 17. h5 Rb7 18. Be3 Rhb8 19. Kd2 Bc4 20. g3 1/2-1/2

[Event "28. Schweinfurt Open"]
[Site "Schweinfurt"]
[Date "2018.05.31"]
[Round "2.7"]
[White "Schmitz, Wolfgang"]
[Black "Baumgaertner, Frank"]
[Result "1-0"]
[WhiteElo "2046"]
[BlackElo "1790"]
[PlyCount "69"]
[EventDate "2018.06.??"]
[EventType "swiss"]
[EventRounds "7"]
[EventCountry "GER"]
[WhiteTeam "SC Prichsenstadt"]
[BlackTeam "Kronacher SK 1882"]

1. e4 e5 2. Nf3 Nc6 3. c3 Nf6 4. d4 exd4 5. e5 Ne4 6. Qe2 Nc5 7. cxd4 Na6 8.
Nc3 Be7 9. Bf4 d6 10. exd6 cxd6 11. Qe4 Nc7 12. d5 Nb8 13. Bd3 f5 14. Qe3 O-O
15. O-O Bf6 16. Bc4 h6 17. h4 Nba6 18. Rfe1 b6 19. Nb5 Nxb5 20. Bxb5 Nc5 21.
Bc6 Rb8 22. Nd4 Bxd4 23. Qxd4 Qxh4 24. Re3 Ba6 25. Rae1 Rf7 26. g3 Qf6 27. Qxf6
Rxf6 28. Re7 Nd3 29. R1e6 Rxe6 30. dxe6 Nxf4 31. gxf4 Be2 32. Rxa7 Bh5 33. Rd7
Kf8 34. e7+ Kg8 35. Rd8+ 1-0

[Event "28. Schweinfurt Open"]
[Site "Schweinfurt"]
[Date "2018.05.31"]
[Round "2.8"]
[White "Hohner, Karl-Heinz"]
[Black "von Zimmermann, Georg"]
[Result "1-0"]
[WhiteElo "1806"]
[BlackElo "2034"]
[PlyCount "64"]
[EventDate "2018.06.??"]
[EventType "swiss"]
[EventRounds "7"]
[EventCountry "GER"]
[WhiteTeam "(vls) Kronach"]
[BlackTeam "MSA Zugzwang 82"]

1. d4 Nf6 2. c4 g6 3. Nc3 Bg7 4. Nf3 O-O 5. Bg5 c5 6. e3 d6 7. Be2 Nc6 8. O-O
Bf5 9. d5 Nb8 10. Nd2 h6 11. Bh4 g5 12. Bg3 Bg6 13. f4 gxf4 14. exf4 e6 15. Bf3
exd5 16. cxd5 Bd3 17. Be2 Bxe2 18. Qxe2 Nbd7 19. Qf3 Qb6 20. Nc4 Qa6 21. Ne3 c4
22. Nf5 Qb6+ 23. Bf2 Qxb2 24. Bd4 Qc2 25. Nxg7 Qg6 26. Ne6 fxe6 27. dxe6 Nb6
28. f5 Qg4 29. Qxg4+ Nxg4 30. f6 Ne5 31. Rae1 Kh7 32. Bxe5 Kg6 1-0

[Event "28. Schweinfurt Open"]
[Site "Schweinfurt"]
[Date "2018.05.31"]
[Round "2.9"]
[White "Gehrig, Thomas"]
[Black "Blank, Stefan"]
[Result "1/2-1/2"]
[WhiteElo "2022"]
[BlackElo "1766"]
[PlyCount "145"]
[EventDate "2018.06.??"]
[EventType "swiss"]
[EventRounds "7"]
[EventCountry "GER"]
[WhiteTeam "SC Maßbach 1951"]
[BlackTeam "SC Sulzbach"]

1. c4 Nf6 2. Nc3 g6 3. e4 d6 4. d4 Bg7 5. f3 O-O 6. Be3 c6 7. Nge2 e5 8. d5 c5
9. Qd2 Ne8 10. h4 f5 11. Bg5 Bf6 12. exf5 gxf5 13. O-O-O Rf7 14. Ng3 Rg7 15.
Bxf6 Nxf6 16. Nge2 Na6 17. Kb1 Nc7 18. Nc1 Bd7 19. Bd3 a6 20. h5 Kh8 21. Qc2
Qc8 22. Rd2 b5 23. Nd1 bxc4 24. Bxc4 Nb5 25. h6 Rg8 26. Ka1 Nd4 27. Qc3 Qb7 28.
Qe3 f4 29. Qf2 Nf5 30. Bd3 Ng3 31. Re1 Bb5 32. Be4 Nfxe4 33. fxe4 Rg6 34. Qf3
Rxh6 35. Nf2 Qg7 36. Ncd3 Bxd3 37. Rxd3 Qb7 38. Rb3 Qc7 39. Ra3 Rg6 40. Rb3 Rb8
41. Rxb8+ Qxb8 42. Nd3 Qf8 43. Rc1 Qh6 44. b4 cxb4 45. Rc8+ Rg8 46. Qg4 Rxc8
47. Qxc8+ Kg7 48. Qd7+ Kg8 49. Qe8+ Qf8 50. Qe6+ Kg7 51. Qg4+ Kh8 52. Nxb4 Nxe4
53. Nc6 Nc5 54. Kb1 h6 55. Qg6 e4 56. Nd4 Qg7 57. Qe8+ Kh7 58. Ne6 Nxe6 59.
dxe6 Qxg2 60. e7 Qf1+ 61. Kb2 Qe2+ 62. Kb3 Qd3+ 63. Ka4 Qc4+ 64. Ka5 Qe6 65.
Qf8 Qxa2+ 66. Kb6 Qb3+ 67. Kc7 Qc4+ 68. Kd7 Qb5+ 69. Ke6 Qc4+ 70. Kd7 Qb5+ 71.
Ke6 Qc4+ 72. Kd7 Qb5+ 73. Ke6 1/2-1/2

[Event "28. Schweinfurt Open"]
[Site "Schweinfurt"]
[Date "2018.05.31"]
[Round "2.10"]
[White "Brux, Juergen"]
[Black "Neubauer, Jaroslaus"]
[Result "1-0"]
[WhiteElo "1757"]
[BlackElo "2020"]
[PlyCount "99"]
[EventDate "2018.06.??"]
[EventType "swiss"]
[EventRounds "7"]
[EventCountry "GER"]
[WhiteTeam "DT Münnerstadt"]
[BlackTeam "SK Schweinfurt 2000"]

1. d4 d5 2. c4 c6 3. b3 Nf6 4. Nf3 Bf5 5. Nc3 e6 6. a3 Nbd7 7. g3 Be7 8. Bg2
Ne4 9. Nxe4 Bxe4 10. O-O O-O 11. Bb2 dxc4 12. bxc4 Qa5 13. Qb3 Rab8 14. Qc3
Qxc3 15. Bxc3 Nb6 16. c5 Nd5 17. Bb4 Nxb4 18. axb4 a6 19. Ne5 Bxg2 20. Kxg2
Rbd8 21. Rfd1 f6 22. Nc4 f5 23. Na5 Rd7 24. e3 Bd8 25. Nc4 Bc7 26. Ra2 g5 27.
Re2 f4 28. exf4 gxf4 29. Rxe6 fxg3 30. hxg3 Rfd8 31. Re4 Rd5 32. f4 Kf7 33. Kf3
Rh5 34. Rde1 Rd7 35. Kg4 Rh2 36. Ne5+ Bxe5 37. fxe5 Ke6 38. Rf4 Rh6 39. Ref1
Rg6+ 40. Kh3 Rdg7 41. Rf6+ Rxf6 42. Rxf6+ Kd5 43. Rd6+ Kc4 44. e6 Kxb4 45. Rd7
Rg6 46. e7 Re6 47. Rxb7+ Kc4 48. Rd7 a5 49. d5 cxd5 50. c6 1-0

[Event "28. Schweinfurt Open"]
[Site "Schweinfurt"]
[Date "2018.05.31"]
[Round "2.11"]
[White "Maar, Samuel"]
[Black "Bardorz, Christoph"]
[Result "1-0"]
[WhiteElo "1992"]
[BlackElo "1749"]
[PlyCount "101"]
[EventDate "2018.06.??"]
[EventType "swiss"]
[EventRounds "7"]
[EventCountry "GER"]
[WhiteTeam "Sfr. Bad Emstal/Wolfhagen"]
[BlackTeam "TSV 1869 Rottendorf"]

1. e4 e5 2. Nf3 Nc6 3. Bc4 Nf6 4. d3 Bc5 5. O-O d6 6. c3 a6 7. h3 h6 8. Nbd2
O-O 9. Bb3 Ba7 10. Nc4 b5 11. Ne3 Ne7 12. Bc2 c5 13. d4 Qc7 14. d5 c4 15. a4
Nd7 16. Nh4 Nc5 17. Qh5 f6 18. Nef5 Nxf5 19. Nxf5 Bxf5 20. Qxf5 Qd7 21. Qxd7
Nxd7 22. Kh1 g5 23. g3 Bc5 24. b3 cxb3 25. Bxb3 b4 26. Bd2 Rab8 27. Bc4 a5 28.
Bb5 Rf7 29. Rab1 Nb6 30. cxb4 Bxb4 31. Bxb4 axb4 32. Rfc1 Ra7 33. Rxb4 Kf7 34.
Rc6 Ke7 35. Rb3 Nd7 36. Rc4 Nc5 37. Re3 Ra5 38. Kg2 Rb7 39. Re2 Rba7 40. Rec2
Kd8 41. R2c3 Rb7 42. f4 exf4 43. gxf4 Re7 44. Kf3 h5 45. Re3 g4+ 46. hxg4 hxg4+
47. Kxg4 Rea7 48. Kf5 Ke7 49. Rh3 Nxa4 50. Rh7+ Kd8 51. Rxa7 1-0

[Event "28. Schweinfurt Open"]
[Site "Schweinfurt"]
[Date "2018.05.31"]
[Round "2.12"]
[White "Krenz, Dieter"]
[Black "Bardorz, Jana"]
[Result "1-0"]
[WhiteElo "1907"]
[BlackElo "1622"]
[PlyCount "89"]
[EventDate "2018.06.??"]
[EventType "swiss"]
[EventRounds "7"]
[EventCountry "GER"]
[WhiteTeam "SC Prichsenstadt"]
[BlackTeam "TSV 1869 Rottendorf"]

1. d4 Nf6 2. Nf3 g6 3. Bf4 Bg7 4. c3 O-O 5. h3 d6 6. Nbd2 Nbd7 7. e4 Re8 8. e5
dxe5 9. dxe5 Nd5 10. Bg3 f6 11. Bc4 c6 12. O-O f5 13. Re1 e6 14. Bh2 g5 15. Bb3
b5 16. Nd4 Bb7 17. c4 Nc7 18. cxb5 Bxe5 19. Bxe5 Nxe5 20. Nxf5 Qf6 21. Nd6 Reb8
22. Qe2 Ng6 23. Nxb7 Rxb7 24. bxc6 Rb6 25. Ne4 Qf4 26. Rac1 Rf8 27. Qg4 Qxg4
28. hxg4 h6 29. g3 Kg7 30. Nc5 Re8 31. Nxe6+ Nxe6 32. Rxe6 Rxe6 33. Bxe6 Ne7
34. Bd7 Rxb2 35. c7 Rxa2 36. c8=Q Nxc8 37. Rxc8 a5 38. Ra8 Kf7 39. Ra6 Kg7 40.
Kg2 Kh7 41. Bb5 Kg7 42. Kf3 Kh7 43. Ke3 Ra3+ 44. Ke4 Ra2 45. f4 1-0

[Event "28. Schweinfurt Open"]
[Site "Schweinfurt"]
[Date "2018.05.31"]
[Round "2.13"]
[White "Drewes, Thomas"]
[Black "Mirring, Patrick"]
[Result "1-0"]
[WhiteElo "1770"]
[BlackElo "1375"]
[PlyCount "85"]
[EventDate "2018.06.??"]
[EventType "swiss"]
[EventRounds "7"]
[EventCountry "GER"]
[WhiteTeam "SV Würzburg von 1865"]
[BlackTeam "SK 79 Arnstein"]

1. d4 d5 2. Bf4 Nf6 3. e3 Nc6 4. Bd3 e6 5. Nf3 Bd6 6. Bg3 O-O 7. Nbd2 h6 8. c3
Re8 9. Ne5 Bxe5 10. dxe5 Nh7 11. Qc2 Nf8 12. h4 Nd7 13. f4 Rf8 14. O-O-O Nc5
15. Be2 f5 16. h5 Qe8 17. Bh4 Ne7 18. g4 Bd7 19. g5 Kh7 20. Rdg1 Rg8 21. Rg3
Bb5 22. Bxb5 Qxb5 23. g6+ Kh8 24. Bxe7 Nd3+ 25. Kb1 Nf2 26. Rhg1 Ng4 27. Nb3 b6
28. Bh4 a5 29. Nd4 Qd7 30. Qe2 c6 31. Nf3 Rgc8 32. Nh2 Nxh2 33. Qxh2 c5 34. Qd2
c4 35. Rd1 Rc5 36. Rg2 a4 37. a3 Rb5 38. Re2 Rb3 39. e4 Qb5 40. Ka2 fxe4 41.
Be7 Re8 42. Bb4 Kg8 43. Rf1 1-0

[Event "28. Schweinfurt Open"]
[Site "Schweinfurt"]
[Date "2018.05.31"]
[Round "2.14"]
[White "Amtmann, Florian"]
[Black "Kiesel, Jannik"]
[Result "1-0"]
[WhiteElo "2124"]
[BlackElo "997"]
[PlyCount "81"]
[EventDate "2018.06.??"]
[EventType "swiss"]
[EventRounds "7"]
[EventCountry "GER"]
[WhiteTeam "Spvgg 1946 Stetten"]
[BlackTeam "DT Münnerstadt"]

1. e4 e5 2. Nf3 Nc6 3. Bc4 Bc5 4. b4 Nxb4 5. c3 Nc6 6. d4 exd4 7. O-O dxc3 8.
Bxf7+ Kxf7 9. Qd5+ Kf8 10. Qxc5+ d6 11. Qc4 Nf6 12. Nxc3 Qe7 13. Bg5 Be6 14.
Qb5 Rb8 15. Rfe1 a6 16. Qb2 h6 17. Bh4 g5 18. Bg3 Bg4 19. Nd5 Qg7 20. Qxf6+
Qxf6 21. Nxf6 Be6 22. Nd5 Bxd5 23. exd5 Ne7 24. Red1 Rg8 25. Rac1 Rc8 26. Nd4
h5 27. Ne6+ Ke8 28. f4 g4 29. Bh4 Kd7 30. Bxe7 Kxe7 31. Nxc7 Kd7 32. Ne6 h4 33.
Kf1 g3 34. h3 Rxc1 35. Rxc1 Rc8 36. Rxc8 Kxc8 37. Ke2 b5 38. f5 Kd7 39. Ke3 Ke7
40. Nc7 Kf6 41. Ke4 1-0

[Event "28. Schweinfurt Open"]
[Site "Schweinfurt"]
[Date "2018.05.31"]
[Round "2.15"]
[White "Voelker, Joachim"]
[Black "Loew, Leonid"]
[Result "1-0"]
[WhiteElo "1749"]
[BlackElo "1382"]
[PlyCount "37"]
[EventDate "2018.06.??"]
[EventType "swiss"]
[EventRounds "7"]
[EventCountry "GER"]
[WhiteTeam "SK Schweinfurt 2000"]
[BlackTeam "Allersberger SC 2000"]

1. e4 e5 2. Nf3 Nc6 3. Bc4 Nf6 4. d4 Nxe4 5. dxe5 d6 6. Bxf7+ Kxf7 7. Qd5+ Ke8
8. Qxe4 dxe5 9. O-O Bd6 10. Nc3 Be6 11. Ng5 Qf6 12. Nxe6 Qxe6 13. Be3 Kd7 14.
Rad1 b6 15. Qa4 h6 16. Rd2 a5 17. Rfd1 Rad8 18. Ne4 Qg4 19. Nc5+ 1-0

[Event "28. Schweinfurt Open"]
[Site "Schweinfurt"]
[Date "2018.05.31"]
[Round "2.16"]
[White "Dehmel, Manfred"]
[Black "Scheifele, Paul"]
[Result "1-0"]
[WhiteElo "1222"]
[BlackElo "1736"]
[PlyCount "165"]
[EventDate "2018.06.??"]
[EventType "swiss"]
[EventRounds "7"]
[EventCountry "GER"]
[WhiteTeam "SC KS Alzenau"]
[BlackTeam "AB-Schweinheim"]

1. c4 e5 2. e4 Bc5 3. Nf3 d6 4. h3 Nf6 5. d3 h6 6. a3 Nc6 7. Bd2 Nd4 8. b4 Bb6
9. Bc3 Nxf3+ 10. Qxf3 Qe7 11. Be2 Be6 12. Nd2 c6 13. O-O g5 14. Qg3 O-O-O 15.
Nb3 Rdg8 16. c5 dxc5 17. Nxc5 Bxc5 18. bxc5 Qxc5 19. Qxe5 Qxe5 20. Bxe5 Rg6 21.
Bh5 Nxh5 22. Bxh8 f6 23. e5 fxe5 24. Bxe5 Bd5 25. f3 Re6 26. Rae1 c5 27. Kf2
Ra6 28. Ra1 Re6 29. Rfe1 Ra6 30. g4 Nf6 31. Rec1 Rc6 32. d4 c4 33. Rc3 Nd7 34.
f4 gxf4 35. Bxf4 Rf6 36. Kg3 Nb6 37. a4 Bc6 38. Be5 Rf7 39. a5 Nd7 40. Rxc4
Nxe5 41. dxe5 Rf3+ 42. Kh4 Re3 43. Rg1 Rxe5 44. a6 Kd7 45. axb7 Bxb7 46. Rgc1
Ke6 47. Rc7 Rb5 48. R1c5 Rb3 49. Rc3 Rb5 50. Rh7 Kd5 51. Rcc7 Bc6 52. Rxh6 Rb6
53. Rxa7 Rb3 54. Ra5+ Bb5 55. Kg5 Kc4 56. h4 Rg3 57. Ra7 Kd4 58. Rf6 Be2 59.
Ra4+ Kd5 60. Raf4 Kc5 61. h5 Bd3 62. h6 Rh3 63. Rf7 Kd6 64. Rf3 Rxf3 65. Rxf3
Bh7 66. Kf6 Be4 67. Rf4 Bb1 68. Kg7 Ke5 69. Rf8 Ke6 70. g5 Ke7 71. Rf6 Ke8 72.
h7 Bxh7 73. Kxh7 Ke7 74. Rf1 Ke8 75. g6 Ke7 76. g7 Ke6 77. g8=Q+ Ke5 78. Qc4
Kd6 79. Rd1+ Ke5 80. Qd5+ Kf6 81. Rf1+ Ke7 82. Rf7+ Ke8 83. Qd7# 1-0

[Event "28. Schweinfurt Open"]
[Site "Schweinfurt"]
[Date "2018.05.31"]
[Round "2.17"]
[White "Brodt, Andreas"]
[Black "Gerhard, Georg"]
[Result "1-0"]
[WhiteElo "1728"]
[BlackElo "1203"]
[PlyCount "113"]
[EventDate "2018.06.??"]
[EventType "swiss"]
[EventRounds "7"]
[EventCountry "GER"]
[WhiteTeam "SK Schweinfurt 2000"]
[BlackTeam "TSV 1895 Karlburg"]

1. d4 Nf6 2. c4 g6 3. Nf3 Bg7 4. g3 O-O 5. Bg2 d6 6. O-O Nbd7 7. Re1 Rb8 8. Nc3
b6 9. Qc2 Bb7 10. d5 Re8 11. Be3 e5 12. dxe6 fxe6 13. Bg5 h6 14. Bxf6 Qxf6 15.
Rab1 e5 16. e4 Qe6 17. Nb5 Qe7 18. Nxc7 Rec8 19. Nd5 Bxd5 20. exd5 b5 21. b3
Rc5 22. Nd2 Rbc8 23. Be4 Nf8 24. Bxg6 Qg5 25. Bf5 R8c7 26. h4 Qd8 27. Qd3 b4
28. Ne4 Ra5 29. Qd2 Ra3 30. Qxb4 Ra6 31. a4 Rb6 32. Qd2 Rcb7 33. Qd3 Rb4 34.
Kg2 Qb8 35. Be6+ Kh8 36. c5 Rd4 37. Qc2 Nxe6 38. dxe6 dxc5 39. Qxc5 Rc7 40. Qa5
Qb7 41. f3 Rc2+ 42. Kh3 Rd5 43. Nd6 Qc6 44. Qd8+ Kh7 45. e7 Rxd6 46. Qxd6 Qxf3
47. Qg6+ Kxg6 48. e8=Q+ Kh7 49. Qe6 Qg2+ 50. Kg4 h5+ 51. Kxh5 Qf3+ 52. g4 Qh3
53. Rbd1 Rh2 54. Qf5+ Kg8 55. Rd8+ Bf8 56. Qxf8+ Kh7 57. Qh8# 1-0

[Event "28. Schweinfurt Open"]
[Site "Schweinfurt"]
[Date "2018.05.31"]
[Round "2.18"]
[White "Reichert, Claudia"]
[Black "Bardorz, Stefan"]
[Result "1-0"]
[WhiteElo "1190"]
[BlackElo "1714"]
[PlyCount "109"]
[EventDate "2018.06.??"]
[EventType "swiss"]
[EventRounds "7"]
[EventCountry "GER"]
[WhiteTeam "DT Münnerstadt"]
[BlackTeam "TSV 1869 Rottendorf"]

1. e4 e5 2. Bc4 Nf6 3. d3 Nc6 4. Nf3 Bc5 5. Nc3 d6 6. h3 Be6 7. Bb5 h6 8. a3
O-O 9. Bxc6 bxc6 10. Qe2 Rb8 11. b4 Bb6 12. Be3 Nh5 13. Nxe5 Bxe3 14. Nxc6 Qf6
15. e5 Bxf2+ 16. Qxf2 Qxf2+ 17. Kxf2 Rb6 18. Ne7+ Kh7 19. exd6 Rxd6 20. Ne4 Rb6
21. g4 Nf4 22. Ke3 Nd5+ 23. Nxd5 Bxd5 24. Rhf1 Re6 25. Rf4 Kg6 26. Raf1 f6 27.
Kd4 Bxe4 28. Rxe4 Rd8+ 29. Ke3 Rc6 30. c4 Kg5 31. Rf5+ Kh4 32. Rh5+ Kg3 33. Kd2
g5 34. Re3+ Kf2 35. Rxh6 Rcd6 36. h4 gxh4 37. Rxh4 Kg2 38. Rh7 R8d7 39. Rxd7
Rxd7 40. Re6 Rg7 41. Rxf6 Kg3 42. Rf1 Kg2 43. Rf4 Kg3 44. Re4 Kf3 45. b5 Rxg4
46. Rxg4 Kxg4 47. Ke3 Kf5 48. Kd4 Ke6 49. Kc5 Kd7 50. a4 Kc8 51. Kc6 Kb8 52. a5
a6 53. bxa6 Ka7 54. Kxc7 Kxa6 55. c5 1-0

[Event "28. Schweinfurt Open"]
[Site "Schweinfurt"]
[Date "2018.05.31"]
[Round "2.19"]
[White "Braetz, Yannick"]
[Black "Seelmann, Noah"]
[Result "1-0"]
[WhiteElo "1685"]
[BlackElo "1133"]
[PlyCount "100"]
[EventDate "2018.06.??"]
[EventType "swiss"]
[EventRounds "7"]
[EventCountry "GER"]
[WhiteTeam "SK Schweinfurt 2000"]
[BlackTeam "SF Zeiler Turm"]

1. e4 Nf6 2. e5 Nd5 3. d4 d6 4. c4 Nb6 5. exd6 cxd6 6. Nf3 Bg4 7. b3 g6 8. Be2
Bg7 9. Bb2 Nc6 10. Nbd2 O-O 11. h3 Bf5 12. Nf1 Nb4 13. Ne3 Be4 14. Qd2 a5 15.
a3 Nc6 16. Ng5 d5 17. c5 Nd7 18. f3 e6 19. h4 Bf5 20. g4 h6 21. Nh3 Qxh4+ 22.
Nf2 Qf6 23. gxf5 exf5 24. Nxd5 Qd8 25. O-O-O Kh7 26. Kb1 Re8 27. Bd3 Rb8 28.
Qc1 b5 29. Rxh6+ Bxh6 30. Rh1 g5 31. Bxf5+ Kg7 32. Rxh6 Nf8 33. Rxc6 Qxd5 34.
Qxg5+ Ng6 35. Bxg6 Qxg5 36. d5+ Kf8 37. Rf6 Qxf6 38. Bxf6 fxg6 39. Ne4 Kf7 40.
Bg5 Re5 41. Bf4 Rbe8 42. Nd6+ Kg8 43. Nxe8 Rxe8 44. c6 Kf7 45. d6 Ke6 46. d7
Rg8 47. Bc7 Ke7 48. Kc2 Rh8 49. Kd3 Rg8 50. Kd4 Rh8 1-0

[Event "28. Schweinfurt Open"]
[Site "Schweinfurt"]
[Date "2018.05.31"]
[Round "2.20"]
[White "Koehler, Michael"]
[Black "Roth, Claudia"]
[Result "1-0"]
[WhiteElo "1603"]
[BlackElo "1092"]
[PlyCount "87"]
[EventDate "2018.06.??"]
[EventType "swiss"]
[EventRounds "7"]
[EventCountry "GER"]
[WhiteTeam "SC Prichsenstadt"]
[BlackTeam "Spvgg 1946 Stetten"]

1. d4 Nf6 2. c4 g6 3. Nf3 Bg7 4. Nc3 d6 5. e4 O-O 6. Be2 b6 7. O-O Bb7 8. Qc2
Nbd7 9. b4 e5 10. d5 c6 11. Nd2 Nh5 12. Bxh5 gxh5 13. Qd1 Nf6 14. Nb3 Ng4 15.
f3 Nxh2 16. Kxh2 Qh4+ 17. Kg1 Qg3 18. Qe1 h4 19. Qxg3 hxg3 20. Ne2 cxd5 21.
cxd5 Ba6 22. Re1 Bxe2 23. Rxe2 h5 24. Be3 f6 25. Rc1 Rac8 26. Rec2 Rxc2 27.
Rxc2 Kh7 28. Rc6 Rd8 29. a4 Kg6 30. a5 bxa5 31. Nxa5 Rb8 32. Rc4 a6 33. Nc6 Rh8
34. Ne7+ Kf7 35. Nf5 h4 36. Nxd6+ Kg6 37. Nf5 Bf8 38. d6 Bxd6 39. Nxd6 h3 40.
gxh3 Rxh3 41. Rc2 Kh5 42. Rg2 Kh4 43. Nf5+ Kh5 44. Rxg3 1-0

[Event "28. Schweinfurt Open"]
[Site "Schweinfurt"]
[Date "2018.05.31"]
[Round "2.21"]
[White "Scheifele, Jan"]
[Black "Weineck, Ekkehard"]
[Result "0-1"]
[WhiteElo "1004"]
[BlackElo "1594"]
[PlyCount "116"]
[EventDate "2018.06.??"]
[EventType "swiss"]
[EventRounds "7"]
[EventCountry "GER"]
[WhiteTeam "AB-Schweinheim"]
[BlackTeam "SV Würzburg von 1865"]

1. e4 e5 2. Nf3 Nc6 3. Bc4 Bc5 4. d3 Nf6 5. c3 d6 6. h3 O-O 7. a4 a5 8. O-O Be6
9. Bb3 d5 10. exd5 Bxd5 11. Bxd5 Nxd5 12. Re1 Re8 13. c4 Ndb4 14. Ra3 f6 15.
Be3 Nd4 16. Bxd4 Bxd4 17. Nxd4 Qxd4 18. Qf3 c6 19. Rc3 Rad8 20. Rd1 e4 21. Qf5
Re5 22. Qf4 exd3 23. Qxd4 Rxd4 24. Nd2 Rd8 25. Nb3 b6 26. c5 bxc5 27. Nxa5 d2
28. Kf1 Rde8 29. Re3 Rxe3 30. fxe3 Rxe3 31. Rxd2 Nd3 32. Rd1 Nxb2 33. Ra1 Re4
34. Nxc6 Rxa4 35. Rxa4 Nxa4 36. Na5 Nb6 37. Ke2 Kf7 38. Kd3 Ke6 39. Ke4 g5 40.
Nc6 f5+ 41. Kd3 h5 42. Nd8+ Kf6 43. Nb7 Nd7 44. Kc4 f4 45. Nxc5 Nxc5 46. Kxc5
Ke5 47. Kc4 Ke4 48. Kc3 Ke3 49. Kc2 Kf2 50. Kd2 Kxg2 51. Ke2 Kxh3 52. Kf3 Kh2
53. Kf2 g4 54. Kf1 g3 55. Ke2 g2 56. Kf3 g1=Q 57. Kxf4 Qg3+ 58. Ke4 Kg2 0-1

[Event "28. Schweinfurt Open"]
[Site "Schweinfurt"]
[Date "2018.05.31"]
[Round "2.22"]
[White "Roth, Ludwig"]
[Black "Chen, Jiwei"]
[Result "0-1"]
[WhiteElo "1578"]
[BlackElo "1018"]
[PlyCount "64"]
[EventDate "2018.06.??"]
[EventType "swiss"]
[EventRounds "7"]
[EventCountry "GER"]
[WhiteTeam "Spvgg 1946 Stetten"]
[BlackTeam "SK Schweinfurt 2000"]

1. e4 e5 2. Nf3 Nc6 3. Bc4 Bc5 4. d3 h6 5. O-O d6 6. c3 Bg4 7. h3 Bh5 8. Be3
Bb6 9. d4 exd4 10. cxd4 Nf6 11. d5 Na5 12. Qa4+ c6 13. Bxb6 axb6 14. dxc6 bxc6
15. Qc2 Bxf3 16. gxf3 O-O 17. Be2 Nh7 18. Kh2 Qh4 19. Kg2 Ng5 20. Rh1 Rfe8 21.
Nd2 d5 22. Bd3 Ne6 23. Bf1 Nf4+ 24. Kg1 Qg5+ 25. Kh2 Re6 26. Rg1 Qh4 27. Rg3
Nh5 28. Rg2 Rd8 29. Re1 c5 30. a3 Nc6 31. Nb3 Ne5 32. exd5 Nxf3+ 0-1